000 00838nas a2200289 4500
001 BR0901016
003 BR-BrBNA
005 20231205113131.0
007 ta
008 230509b bl.|||p| |||| 00| 00por d
040 _aBR-BrBNA
_bpor
_cBiblioteca Nacional de Agricultura
041 _a(Pt)
072 _aH60
100 1 _aTuffi Santos, L.D.
100 1 _aFerreira, F.A.
100 1 _aFerreira, L.R.
100 1 _aDuarte, W.M.
100 1 _aTiburcio, R.A.S.
245 1 _aIntoxicação de espécies de eucalipto submetidas á deriva do glyphosate
650 _aEUCALIPTO
650 _aGLYPHOSATE
650 _aHERBICIDA
650 _aRESISTÊNCIA A SECA
773 0 _tPlanta Daninha (Brazil)
_xISSN 0100-8358
_g(2006), v. 24(2) p. 359-364
_wBR0901016
909 _a202311
_bLúcia
_c55
_dLúcia Elande
942 _2AGRIS
_n0
_cANA
999 _c202039
_d202039